Clickable Manias Quiz Stats

Quiz Updated Apr 11, 2015

Also try: English Loanwords
Challenge
Share
Tweet
Embed
Score 0/25 Timer 07:00
0 Plays Today
% Correct
Pyromania
90.3%
Kleptomania
90.1%
Homicidomania
89.2%
Bibliomania
87.8%
Hydrodipsomania
83.8%
Arithmomania
83.7%
Erotomania
81.9%
Demonomania
80.5%
Egomania
80.2%
Choreomania
79%
Aerochoreomania
74.2%
Megalomania
73.2%
Agoromania
72.5%
% Correct
Heliomania
71.4%
Monomania
69%
Phonomania
60.5%
Theomania
57.4%
Hypnomania
57.3%
Mythomania
54.7%
Dipsomania
53.7%
Automania
48.2%
Ergomania
42.7%
Plutomania
36.3%
Logomania
35.9%
Sophomania
31.7%

You're not logged in!

Compare scores with friends on all Sporcle quizzes.
Join for Free
OR
Log In

You Might Also Like...

Show Comments

Extras

Top Quizzes Today


Score Distribution

Your Account Isn't Verified!

In order to create a playlist on Sporcle, you need to verify the email address you used during registration. Go to your Sporcle Settings to finish the process.

Report this User

Report this user for behavior that violates our Community Guidelines.

Details: